Регионална библиотека "Любен Каравелов" - Русе

Избрани творби | Наказвам те с любов | Син на светлината (Запис номер 133704)

MARC детайли
000 -Лидер
Контролно поле с фиксирана дължина 01526nam a2200349 c 4500
003 - Код на организацията, давaща контролен номер
Контролно поле BLK
005 - Дата и час на последна редакция
Контролно поле 20180422111746.0
008 - Елементи от данни с фиксирана дължина
fixed length control field 180409b bul|||||r ||||||| ||bul||
010 ## - Наследен системен номер
LC control number KNG00139604000
020 ## - Международен стандартен номер на книга ISBN
Международен стандартен номер на книга ISBN 978-954-443-877-7
-- издат.: Бълг. писател
040 ## - Източник на каталожния запис
Идентификатор на билиотеката - собственик на записа BLK
041 ## - Код за език
Код за езика на текст/звукозапис или на отделно заглавие Български
Код за езика КДБФ Български
072 #7 - Код за тематичната категория
Код организация bullib
Код за тематична категория Н84
Текст Българска художествена литература Н
080 ## - УДК
Текстов определител УДК Българска литература
УДК код - определител по УДК 821.163.2
УДК определител -31
УДК - код + определител 821.163.2-31
100 1# - Редна дума - Автор
Автор Северски, Цветан
Авторска отговорност първи автор
Автор - информация (биография) Банчев, Цветан Иванов
R(LIN) 369812
139 ## - Редно поле
Редна дума Северски, Цветан
Авторски знак Се - С 30
245 10 - Сведения за заглавието
Заглавие Избрани творби
Редно поле (дума) Цветан Северски; * Цветан Иванов Банчев.
245 10 - Сведения за заглавието
Заглавие Наказвам те с любов
Подзаглавни данни
Редно поле (дума)
245 10 - Сведения за заглавието
Заглавие Син на светлината
Подзаглавни данни Романи
Редно поле (дума)
257 ## - Страна на издаване
Страна на създаване/издаване България
260 ## - Област на издателските данни
-- София
Име на издателя, разпространителя и проч. Бълг. писател
Година на издаване 2011
300 ## - Физическа характеристика
Страници 340 с.
Размери/Мащаб 20 см
380 ## - Жанр
Жанр Худож. лит.
500 ## - Общи забележки
Забележка Кор. загл. Наказвам те с любов ; Син на светлината. - Загл. от гърба на кн. Избрани романи. - Цветан Северски - псевд. на Цветан Иванов Банчев.
659 ## - Тематичен бюлетин
Тематичен бюлетин Н
700 1# - Други автори (авторска отговорност)
Лично име Банчев, Цветан Иванов
Автороска отговорност (Описва отношението между автора и произведението) *
9 (RLIN) 375677
852 ## - Местоположение
Форматна сигнатура Цб 258339
856 4# - Електронен адрес и достъп
Електронен формат pdf - файл
Път до файла /url/
856 4# - Електронен адрес и достъп
Електронен формат pdf - файл
Път до файла /url/
942 ## - АРТИКУЛИ
Вид на библиотечния материал Книги
Скрит в OPAC Не
944 ## - СЪЗДАВАНЕ И РЕДАКЦИЯ на ЗАПИСА
Създаване/Редакция Създаване
Дата на регистрацията/редакция 15.02.2013
Служител, извършил регистрацията/редакцията Милена_Ачева
944 ## - СЪЗДАВАНЕ И РЕДАКЦИЯ на ЗАПИСА
Създаване/Редакция Редакция
Дата на регистрацията/редакция 15.07.2013
Служител, извършил регистрацията/редакцията
999 ## - СИСТЕМНИ КОНТРОЛНИ НОМЕРА
Koha biblionumber 133704
Koha biblioitemnumber 133704
Наличности
Код за отписване Код за изгубен артикул Код за повреда Коз за рестрикции Код за отдаване Артикулен № Име на библиотеката - собственик Име на библиотеката, в която се намира в момента Статус (Текущо местоположение) Дата на вписване в системата Местоположение - отдел Цена в лева Инвентарен номер Систематично азбучна сигнатура Баркод Номер на екземпляра Цена в евро Служебна бележка Служебен тип на артикула
  Не е изгубен Не е повреден без рестрикции ползва се в читалня 218154 Регионална библиотека "Любен Каравелов" Русе Регионална библиотека "Любен Каравелов" Русе Хранилище 2013-02-14 Хранилище 20.00 120000763996 Цб 258339 120000763996 1 10.23 Дост: Dp Вид: Д N: 44 Дата: 31.10.2011 Книги
Vip Innovations Ltd, Rousse, Bulgaria 2025